| 000 | 00852nam a2200277Ia 4500 | ||
|---|---|---|---|
| 001 | H7655 | ||
| 003 | IT-RoPAU | ||
| 008 | 130308s9999 xx 000 0 und d | ||
| 040 | _aIT-RoPAU | ||
| 040 | _cIT-RoPAU | ||
| 041 | _aITALIANO | ||
| 100 | _aMarconi Luca | ||
| 100 | _gCodice Aut. SPICS: 13914 | ||
| 245 | _aMuzak, jingle e videoclips | ||
| 245 | _bEnciclopedia della Musica - Iv - piaceri e Seduzioni nella Musica del Xx Secolo | ||
| 250 | _a1a ed. | ||
| 260 | _bEinaudi/Il Sole 24 Ore | ||
| 260 | _c2007 [1° Ed.:2007 - Ed.Ling.Originale:2007] | ||
| 300 | _a"26 p. (prefazione: no ; testo: 26 [pagine: 675-700])" | ||
| 500 | _aMusica Negli Ambienti. Musica nelle PubblicitĂ . Videoclip. Bibliografia. | ||
| 650 | _aENCICLOPEDIE DI MUSICA | ||
| 650 | _eCodice materia Spics: 7001 | ||
| 942 | _cBK | ||
| 957 | _71 | ||
| 999 |
_c85286 _d85286 |
||
| 999 | _g1 | ||